Children in a violent society
| Beteiligte: | |
|---|---|
| Medienart: | Druck Buch |
| Sprache: | Englisch |
| Veröffentlicht: |
New York [u.a.]
Guilford
c1997
|
| In: | Jahr: 1997 |
| Online-Zugang: |
Inhaltsverzeichnis Publisher description |
| Bestand in Tübingen: | In Tübingen vorhanden. UB: KB 19 A 6591 |
| Verfügbarkeit prüfen: | HBZ Gateway |
| Subito Bestelldienst: | Jetzt bestellen. |
| Schlagwörter: |
MARC
| LEADER | 00000cam a2200000 c 4500 | ||
|---|---|---|---|
| 001 | 228318637 | ||
| 003 | DE-627 | ||
| 005 | 20251222205831.0 | ||
| 007 | tu | ||
| 008 | 970606s1997 xxu||||| 00| ||eng c | ||
| 010 | |a 97-1893 | ||
| 016 | 7 | |a 157230183x |2 UK | |
| 020 | |a 157230183X |9 1-57230-183-X | ||
| 020 | |a 157230183X |9 1-57230-183-X | ||
| 035 | |a (DE-627)228318637 | ||
| 035 | |a (DE-576)066981662 | ||
| 035 | |a (DE-599)GBV228318637 | ||
| 035 | |a (OCoLC)833180650 | ||
| 035 | |a (OCoLC)36438764 | ||
| 040 | |a DE-627 |b ger |c DE-627 |e rakwb | ||
| 041 | |a eng | ||
| 044 | |c XD-US |c XA-GB | ||
| 050 | 0 | |a HQ784.V55 | |
| 082 | 0 | |a 303.6083 | |
| 082 | 0 | |a 303.6/083 | |
| 084 | |a CP 3800 |2 rvk |0 (DE-625)rvk/18982: | ||
| 084 | |a 77.46 |2 bkl | ||
| 245 | 0 | 0 | |a Children in a violent society |c ed. by Joy D. Osofsky. Foreword by Peter Scharf |
| 263 | |a : No price | ||
| 264 | 1 | |a New York [u.a.] |b Guilford |c c1997 | |
| 300 | |a XIV, 338 S |b graph. Darst |c 24 cm | ||
| 336 | |a Text |b txt |2 rdacontent | ||
| 337 | |a ohne Hilfsmittel zu benutzen |b n |2 rdamedia | ||
| 338 | |a Band |b nc |2 rdacarrier | ||
| 500 | |a Includes bibliographies and index | ||
| 583 | 1 | |a Archivierung prüfen |c 20200919 |f DE-640 |z 2 |2 pdager | |
| 650 | 0 | |a Children |x Crimes against |x United States | |
| 650 | 0 | |a Children |x Crimes against |x Prevention |x United States | |
| 650 | 0 | |a Children and violence |x United States | |
| 650 | 0 | |a Children |x United States |x Crimes against | |
| 650 | 0 | |a Children |x United States |x Crimes against |x Prevention | |
| 650 | 0 | |a City children |x United States | |
| 650 | 0 | |a Victims of crimes |x Services for |x United States | |
| 655 | 7 | |a Aufsatzsammlung |0 (DE-588)4143413-4 |0 (DE-627)105605727 |0 (DE-576)209726091 |2 gnd-content | |
| 689 | 0 | 0 | |d s |0 (DE-588)4028893-6 |0 (DE-627)106276565 |0 (DE-576)208979999 |a Jugendkriminalität |2 gnd |
| 689 | 0 | 1 | |d s |0 (DE-588)4163836-0 |0 (DE-627)105451800 |0 (DE-576)209884142 |a Kinderkriminalität |2 gnd |
| 689 | 0 | 2 | |d s |0 (DE-588)4157234-8 |0 (DE-627)104262087 |0 (DE-576)209832851 |a Gewaltkriminalität |2 gnd |
| 689 | 0 | 3 | |d s |0 (DE-588)4030550-8 |0 (DE-627)104360100 |0 (DE-576)208988165 |a Kind |2 gnd |
| 689 | 0 | |5 (DE-627) | |
| 700 | 1 | |a Osofsky, Joy D. |d 1944- |e Hrsg. |0 (DE-588)172295955 |0 (DE-627)697204987 |0 (DE-576)133163075 |4 edt | |
| 856 | 4 | 2 | |u http://www.gbv.de/dms/hbz/toc/ht007962875.pdf |m V:DE-605 |q pdf/application |v 2008-11-15 |x Verlag |y Inhaltsverzeichnis |3 Inhaltsverzeichnis |7 1 |
| 856 | 4 | 2 | |u http://www.loc.gov/catdir/description/guilford051/97001893.html |x Verlag |y Publisher description |7 1 |
| 935 | |i Blocktest | ||
| 936 | r | v | |a CP 3800 |b Aggression, Frustration |k Psychologie |k Allgemeine Psychologie |k Konflikt, Angst, Aggression, Frustration, Stress |k Aggression, Frustration |0 (DE-627)1270707809 |0 (DE-625)rvk/18982: |0 (DE-576)200707809 |
| 936 | b | k | |a 77.46 |j Emotion |0 (DE-627)106418432 |
| 951 | |a BO | ||
| ELC | |b 1 | ||
| LOK | |0 000 xxxxxcx a22 zn 4500 | ||
| LOK | |0 001 3257147759 | ||
| LOK | |0 003 DE-627 | ||
| LOK | |0 004 228318637 | ||
| LOK | |0 005 19980713000000 | ||
| LOK | |0 008 980713||||||||||||||||ger||||||| | ||
| LOK | |0 040 |a DE-21 |c DE-627 |d DE-21 | ||
| LOK | |0 852 |a DE-21 | ||
| LOK | |0 852 1 |c KB 19 A 6591 |9 00 | ||
| LOK | |0 935 |a krim | ||
| LOK | |0 936ln |a k7.3.2.2 | ||
| LOK | |0 939 |a 13-07-98 |b l01 | ||
| ORI | |a SA-MARC-krimdoka001.raw | ||
| SIG | |a UB: KB 19 A 6591 | ||
